|
|
|
|
| LEADER |
01905nam a2200457 a 4500 |
| 001 |
EBC718565 |
| 003 |
MiAaPQ |
| 005 |
20200520144314.0 |
| 006 |
m o d | |
| 007 |
cr cn||||||||| |
| 008 |
090220s2010 caua sb 001 0 eng d |
| 010 |
|
|
|z 2009006899
|
| 020 |
|
|
|z 9780981576992 (pbk.)
|
| 020 |
|
|
|z 0981576990
|
| 020 |
|
|
|a 9781609944780 (electronic bk.)
|
| 035 |
|
|
|a (MiAaPQ)EBC718565
|
| 035 |
|
|
|a (Au-PeEL)EBL718565
|
| 035 |
|
|
|a (CaPaEBR)ebr10480958
|
| 035 |
|
|
|a (CaONFJC)MIL314665
|
| 035 |
|
|
|a (OCoLC)733040256
|
| 040 |
|
|
|a MiAaPQ
|c MiAaPQ
|d MiAaPQ
|
| 043 |
|
|
|a n-us---
|
| 050 |
|
4 |
|a HG181
|b .B25 2010
|
| 082 |
0 |
4 |
|a 330.973/0931
|2 22
|
| 100 |
1 |
|
|a Baker, Dean,
|d 1958-
|
| 245 |
1 |
0 |
|a Plunder and blunder
|h [electronic resource] :
|b the rise and fall of the bubble economy /
|c Dean Baker ; foreword by Thomas Frank.
|
| 260 |
|
|
|a Sausalito, Calif. :
|b PoliPointPress,
|c c2010.
|
| 300 |
|
|
|a ix, 172 p. :
|b ill.
|
| 504 |
|
|
|a Includes bibliographical references and index.
|
| 505 |
0 |
|
|a How we got here -- The Clinton era and the origins of the stock bubble -- The collapse of the stock bubble -- The beginnings of the housing bubble -- The final collapse -- Beyond the bubble economy -- Learning from the bubbles.
|
| 533 |
|
|
|a Electronic reproduction. Ann Arbor, MI : ProQuest, 2015. Available via World Wide Web. Access may be limited to ProQuest affiliated libraries.
|
| 650 |
|
0 |
|a Finance
|z United States.
|
| 650 |
|
0 |
|a Financial crises
|z United States.
|
| 650 |
|
0 |
|a Stocks
|x Prices
|z United States.
|
| 650 |
|
0 |
|a Housing
|x Prices
|z United States.
|
| 651 |
|
0 |
|a United States
|x Economic conditions
|y 1981-2001.
|
| 651 |
|
0 |
|a United States
|x Economic conditions
|y 2001-2009.
|
| 655 |
|
4 |
|a Electronic books.
|
| 700 |
1 |
|
|a Frank, Thomas.
|
| 710 |
2 |
|
|a ProQuest (Firm)
|
| 856 |
4 |
0 |
|u https://ebookcentral.proquest.com/lib/matrademy/detail.action?docID=718565
|z Click to View
|